Statistics for Every City in Providence County, Rhode Island

Click here to take the quiz!

General Stats

  • This quiz has been taken 12 times
  • The average score is 8 of 16

Answers on the Map

Answers color-coded by a green-red scale on the quiz's map according to % correct below.
Loading ...
 

Answer Stats

City% Correct
Providence
100%
East Providence
83%
North Providence
75%
Cranston
67%
Woonsocket
67%
Central Falls
58%
Pawtucket
58%
Cumberland
50%
Lincoln
42%
Smithfield
42%
Johnston
33%
North Smithfield
33%
Burrillville
17%
Foster
17%
Glocester
17%
Scituate
17%

Score Distribution

Percentile by Number Answered

Percent of People with Each Score

Your Score History

You have not taken this quiz